00908nam a2200229 i 450000100060000000300090000600500170001500700030003200800410003510000280007624501290010426000390023330000290027249000530030165000280035470000260038270000380040883000610044685200320050799900170053995201220055687156ES-MaACL20250910211905.0t|041220s1971 sp ||||1| spa d1 aKönig, René.96844210aSociología de la comunidad local / cRené König ; [traductor: Carlos Moya ; presentación: Enrique Martín López]. a[Madrid : bEuroamérica, c1971] aXV, 9, 298 p. ; c18 cm.1 aColección Fundación Foessa. Serie Síntesis04aGrupos sociales.9131661 aMoya, Carlos.91840261 aMartín López, Enrique.9775410 aColección Fundación Foessa. Serie Síntesis9184027 aES-MaACLjC-49196 bR.77535 c87156d87156 00104070aATENEOMbATENEOMcDEPO2d2008-01-17eSCl0oC-49196p1091062r2023-02-23 00:00:00w2023-02-23yMONOGRAFIA